000 00304nam a22001337a 4500
008 171201b xxu||||| |||| 00| 0 eng d
020 _a0716714418
041 _aeng
080 _a159.9
100 _a48
101 _aPSI
245 _aTHINKING, PROBLEM SOLVING, COGNITION
_cMAYER,R.E
942 _2udc
_cBK
999 _c38662
_d38662